|
|
|
|
| LEADER |
00000nab a2200000 a 4500 |
| 001 |
vtls000001471 |
| 003 |
SK-MaSNL |
| 005 |
20260304051158.0 |
| 008 |
250422c1978 xo 0 slo |
| 015 |
|
|
|a SNBRB19rr/mm-uuuuu
|
| 035 |
|
|
|a CL0011563
|
| 035 |
|
|
|a urn:nbn:sk:snk-ab2lik
|
| 035 |
|
|
|a (urnnbn)urn:nbn:sk:snk:ar-a02m4t
|
| 035 |
|
|
|a (uuid)dcb4b665-86e1-42d2-897a-36e6b6ae0364
|
| 040 |
|
|
|a SNKBUCL
|b slo
|c SNKBUCL
|e AACR2
|
| 041 |
0 |
|
|a cze
|
| 044 |
|
|
|a xo
|c SK
|
| 080 |
|
|
|a 633.1
|2 1981
|
| 080 |
|
|
|a 631.1
|2 1981
|
| 100 |
1 |
|
|a Schejbal, Václav
|4 aut
|9 1332985
|
| 245 |
1 |
0 |
|a Prohloubit racionalizaci obilnářství v nejbližších letech
|c Václav Schejbal, Jiří Petr
|
| 650 |
0 |
7 |
|a obilninárstvo
|2 snkbucl
|9 120982
|
| 655 |
|
7 |
|a články z novín a časopisov
|2 snkbucl
|9 267496
|
| 700 |
1 |
|
|a Petr, Jiří,
|d 1931-2014
|4 aut
|9 197535
|
| 773 |
0 |
|
|t Ekonomika poľnohospodárstva
|g Roč. 17, č. 5 (1978), s. 228-230
|
| 850 |
|
|
|a Slovenská národná knižnica
|
| 852 |
|
|
|a Slovenská národná knižnica
|
| 954 |
|
|
|a odborná, vedecká literatúra cudzojazyčná (svetová)
|2 lita
|
| 958 |
|
|
|a article27
|
| 958 |
|
|
|a RK
|
| 958 |
|
|
|a OND
|
| 958 |
|
|
|a EUIPO
|
| 992 |
|
|
|a RBX
|
| 999 |
|
|
|c 2702264
|d 2704194
|